000
00307nam a2200133Ia 4500
005
20251222153636.0
008
251222s9999||||xx |||||||||||||| ||spa||
020
_a
8445410490
082
_a
657/C50
245
0
_a
Plan General de Contabilidad Pública
250
_a
4ta. ed.
264
_b
CEF
942
_c
LIB
999
_c
32564
_d
32564